[Event "XXVII Festival A"]
[Site "Arco ITA"]
[Date "2005.10.23"]
[Round "2"]
[White "Dittmar, Peter"]
[Black "Allegranti, Luca"]
[Result "1-0"]
[WhiteElo "2322"]
[BlackElo "2024"]
[PlyCount "123"]
[EventDate "2005.10.22"]

1. Nf3 f5 2. b3 Nf6 3. Bb2 e6 4. e3 b6 5. Be2 Bb7 6. O-O Be7 7. c4 O-O 8. d3 c5
9. Nbd2 d6 10. Qc2 Nc6 11. Rad1 Rc8 12. Qb1 e5 13. Rfe1 h6 14. Nh4 Qd7 15. Ng6
Rfd8 16. Nf3 Nh7 17. Nxe7+ Qxe7 18. a3 Ng5 19. Nxg5 hxg5 20. Bf3 Na5 21. Bxb7
Nxb7 22. d4 e4 23. Rd2 g4 24. Qd1 Qg5 25. Bc3 Rc7 26. dxc5 Nxc5 27. Rxd6 Nd3
28. Rxd8+ Qxd8 29. Re2 g6 30. Rd2 Rd7 31. b4 Qc7 32. Qa4 Qd8 33. g3 Nc5 34.
Rxd7 Qxd7 35. Qxd7 Nxd7 36. Kf1 Kf7 37. Ke2 Ke6 38. Kd2 a6 39. Bd4 Kd6 40. Kc3
Kc6 41. Kb3 Nf8 42. Bg7 Nd7 43. Kc3 b5 44. Bd4 Nf8 45. Bg7 Ne6 46. Bf6 Kd6 47.
Kb3 Kc6 48. a4 Nc7 49. cxb5+ axb5 50. axb5+ Kxb5 51. Bg7 Nd5 52. Bf8 Nb6 53.
Kc3 Nd7 54. Bg7 Kc6 55. Kc4 Nb6+ 56. Kd4 Kd6 57. Bf8+ Ke6 58. Bc5 Nd7 59. b5
Ne5 60. b6 Nf3+ 61. Kc4 Kd7 62. Kb5 1-0

[Event "XXVII Festival A"]
[Site "Arco ITA"]
[Date "2005.10.23"]
[Round "2"]
[White "Dusi, Valerio"]
[Black "Fossum, Oystein Boyum"]
[Result "0-1"]
[WhiteElo "1882"]
[BlackElo "2247"]
[PlyCount "100"]
[EventDate "2005.10.22"]

1. d4 e6 2. c4 d5 3. Nf3 Nf6 4. g3 Be7 5. Bg2 O-O 6. O-O c6 7. Qc2 b6 8. Nbd2
Bb7 9. b3 Nbd7 10. Bb2 Rc8 11. Rad1 Qc7 12. cxd5 cxd5 13. Qxc7 Rxc7 14. Rc1
Rfc8 15. Rxc7 Rxc7 16. Rc1 Rxc1+ 17. Bxc1 Kf8 18. e3 Ba6 19. Bf1 Bxf1 20. Kxf1
Bd6 21. Bb2 b5 22. Ke2 Ne4 23. Nxe4 dxe4 24. Ng5 Nf6 25. f3 exf3+ 26. Kxf3 h5
27. e4 Bb4 28. e5 Nd5 29. Ne4 f5 30. exf6 gxf6 31. a3 Be7 32. b4 f5 33. Nc3
Nxc3 34. Bxc3 Bg5 35. Ke2 Ke7 36. Kd3 Kd6 37. Bb2 Kd5 38. Bc3 Bc1 39. Ba1 Bxa3
40. Bc3 Bc1 41. Ba1 Bg5 42. Bc3 Be7 43. Bd2 Bd8 44. Be1 Bb6 45. Bc3 a6 46. Bb2
a5 47. bxa5 Bxa5 48. Ba1 Be1 49. Ke2 Bb4 50. Kd3 Ba3 0-1

[Event "XXVII Festival A"]
[Site "Arco ITA"]
[Date "2005.10.23"]
[Round "2"]
[White "Geske, Julian"]
[Black "Caruana, Fabiano"]
[Result "0-1"]
[WhiteElo "2077"]
[BlackElo "2373"]
[PlyCount "70"]
[EventDate "2005.10.22"]

1. e4 e6 2. d4 d5 3. Nd2 c5 4. Ngf3 Nc6 5. exd5 exd5 6. Bb5 a6 7. Bxc6+ bxc6 8.
O-O Bd6 9. dxc5 Bxc5 10. Nb3 Bd6 11. Qd4 f6 12. Bf4 Ne7 13. Bxd6 Qxd6 14. c4
O-O 15. Rfd1 Bf5 16. Rac1 Rac8 17. Qb6 Bg4 18. Qe3 Rfe8 19. h3 Bh5 20. Qd3 Ng6
21. Nbd4 Nf4 22. Qc2 Bxf3 23. Nxf3 Ne2+ 24. Kh1 Nxc1 25. Qxc1 Qc5 26. Qf4 Qxf2
27. Qg4 Qxb2 28. cxd5 cxd5 29. Qf5 Qxa2 30. Rxd5 Qc2 31. Qg4 Qb1+ 32. Kh2 Qb8+
33. g3 Re2+ 34. Kh1 Rc1+ 35. Ng1 Rxg1+ 0-1

[Event "XXVII Festival A"]
[Site "Arco ITA"]
[Date "2005.10.23"]
[Round "2"]
[White "Greevenbosch, Cornelis"]
[Black "Moratto, Davide"]
[Result "1/2-1/2"]
[WhiteElo "2078"]
[BlackElo "1729"]
[PlyCount "48"]
[EventDate "2005.10.22"]

1. e4 c5 2. Nf3 d6 3. d4 cxd4 4. Nxd4 Nf6 5. Nc3 a6 6. Bg5 e6 7. f4 Nc6 8. Nxc6
bxc6 9. e5 h6 10. Bh4 g5 11. fxg5 Nd5 12. Nxd5 cxd5 13. Qh5 Qb6 14. Be2 Bg7 15.
g6 O-O 16. Rf1 Ra7 17. Bf2 d4 18. O-O-O dxe5 19. gxf7+ Raxf7 20. Bg3 Rf5 21.
Qg6 R8f6 22. Qe8+ Rf8 23. Qg6 R8f6 24. Qe8+ Rf8 1/2-1/2

[Event "XXVII Festival A"]
[Site "Arco ITA"]
[Date "2005.10.23"]
[Round "2"]
[White "Kranebitter, Gerhard"]
[Black "Isonzo, David"]
[Result "0-1"]
[WhiteElo "2070"]
[BlackElo "2337"]
[PlyCount "80"]
[EventDate "2005.10.22"]

1. e4 c5 2. c3 Nf6 3. e5 Nd5 4. Nf3 e6 5. d4 cxd4 6. cxd4 d6 7. Bc4 Nc6 8. O-O
Be7 9. Nc3 Nxc3 10. bxc3 O-O 11. Qe2 dxe5 12. dxe5 Qa5 13. Qe4 Qa4 14. Qe2 Rd8
15. h3 Bd7 16. Bb3 Qa5 17. Qe4 Be8 18. Bc2 g6 19. Re1 Qxc3 20. Bh6 Qb4 21. Bg5
Qxe4 22. Rxe4 Bxg5 23. Nxg5 Nd4 24. Bb3 h6 25. Nf3 Nxf3+ 26. gxf3 Bc6 27. Re3
Rd4 28. Rc1 Rad8 29. Kg2 Rd2 30. Rcc3 R8d4 31. Kg3 g5 32. Bc2 Kg7 33. Kg2 Bd5
34. Bb3 Bc6 35. Bc2 h5 36. Kg3 h4+ 37. Kg2 g4 38. hxg4 Rxg4+ 39. Kh3 Rg1 40.
Kh2 Rf1 0-1

[Event "XXVII Festival A"]
[Site "Arco ITA"]
[Date "2005.10.23"]
[Round "2"]
[White "La Malfa, Stelio"]
[Black "Ziltener, Werner"]
[Result "0-1"]
[WhiteElo "1635"]
[BlackElo "2101"]
[PlyCount "82"]
[EventDate "2005.10.22"]

1. e4 e5 2. d4 Nc6 3. Nf3 exd4 4. Bc4 Nf6 5. e5 d5 6. exf6 dxc4 7. O-O Qxf6 8.
Bg5 Qg6 9. Re1+ Be6 10. Nbd2 Bb4 11. a3 Ba5 12. b4 cxb3 13. cxb3 Bc3 14. Rb1
O-O 15. Bf4 Bg4 16. Rf1 Rfe8 17. Qc1 Re2 18. Kh1 Rae8 19. h3 Be6 20. Re1 Bd5
21. Rxe2 Rxe2 22. Bg3 Qd3 23. Ne1 Qxd2 24. Qxd2 Bxd2 25. f3 Bxe1 26. Bxe1 Ne5
27. Kg1 Bxf3 28. gxf3 Nxf3+ 29. Kf1 Rxe1+ 30. Rxe1 Nxe1 31. Kxe1 c5 32. Ke2 f5
33. h4 Kf7 34. a4 Ke6 35. h5 g5 36. Kf3 Ke5 37. h6 g4+ 38. Kg3 d3 39. Kh4 d2
40. a5 d1=Q 41. a6 Kf4 0-1

[Event "XXVII Festival A"]
[Site "Arco ITA"]
[Date "2005.10.23"]
[Round "2"]
[White "Larsen Hagen, Brede Andre"]
[Black "Trauth, Michael"]
[Result "0-1"]
[WhiteElo "1951"]
[BlackElo "2225"]
[PlyCount "58"]
[EventDate "2005.10.22"]

1. e4 c5 2. Nf3 Nc6 3. d4 cxd4 4. Nxd4 g6 5. c4 Nf6 6. Nc3 d6 7. Be2 Nxd4 8.
Qxd4 Bg7 9. O-O Be6 10. c5 O-O 11. cxd6 Ne8 12. Qb4 Nxd6 13. Rd1 a5 14. Qa4 Bd7
15. Qc2 Rc8 16. a4 Qc7 17. Bf4 Be6 18. Rac1 Qb6 19. Bxd6 Bb3 20. Nd5 Rxc2 21.
Nxb6 Rxe2 22. Rd3 Bxb2 23. Kf1 Rxe4 24. Rc7 exd6 25. Rxb3 Rfe8 26. g3 Bd4 27.
Rxb7 Re2 28. Rf3 Rb2 29. Rd3 Rxf2+ 0-1

[Event "XXVII Festival A"]
[Site "Arco ITA"]
[Date "2005.10.23"]
[Round "2"]
[White "Loi, Andrea"]
[Black "Scharrer, Patrick"]
[Result "0-1"]
[WhiteElo "1829"]
[BlackElo "2210"]
[PlyCount "46"]
[EventDate "2005.10.22"]

1. d4 Nf6 2. c4 g6 3. Nc3 Bg7 4. e4 d6 5. f3 O-O 6. Be3 e5 7. Nge2 c6 8. Qd2
Nbd7 9. O-O-O a6 10. g4 b5 11. cxb5 axb5 12. Bh6 b4 13. Nb1 Rxa2 14. Bxg7 Kxg7
15. h4 Qa5 16. h5 Ra1 17. hxg6 fxg6 18. Qh6+ Kg8 19. Ng3 Qa2 20. Bd3 Ba6 21.
Nf5 gxf5 22. gxf5 Bxd3 23. Rhg1+ Kf7 0-1

[Event "XXVII Festival A"]
[Site "Arco ITA"]
[Date "2005.10.23"]
[Round "2"]
[White "Manca, Federico"]
[Black "Stubberud, Ornulf"]
[Result "1/2-1/2"]
[WhiteElo "2408"]
[BlackElo "2095"]
[PlyCount "50"]
[EventDate "2005.10.22"]

1. e4 c5 2. Nf3 e6 3. c3 Nf6 4. e5 Nd5 5. d4 cxd4 6. cxd4 b6 7. Nc3 Nxc3 8.
bxc3 Qc7 9. Bd2 Bb7 10. Bd3 d6 11. O-O Nd7 12. Re1 dxe5 13. Nxe5 Nxe5 14. Rxe5
Bd6 15. Rh5 g6 16. Rh3 O-O 17. Qg4 f5 18. Qh4 Rf7 19. Re1 Bd5 20. a4 a6 21. Qg5
Qc6 22. Ra1 Be7 23. Qg3 Bd6 24. Qg5 Be7 25. Qg3 Bd6 1/2-1/2

[Event "XXVII Festival A"]
[Site "Arco ITA"]
[Date "2005.10.23"]
[Round "2"]
[White "Marchand, Francois"]
[Black "Ricci, Alfredo"]
[Result "1/2-1/2"]
[WhiteElo "2269"]
[BlackElo "2016"]
[PlyCount "77"]
[EventDate "2005.10.22"]

1. d4 Nf6 2. c4 g6 3. Nc3 d5 4. Nf3 Bg7 5. e3 O-O 6. Qb3 e6 7. Bd3 Nc6 8. Qd1
b6 9. O-O Bb7 10. a3 Rc8 11. b4 Ne7 12. b5 dxc4 13. Bxc4 c5 14. bxc6 Nxc6 15.
Qd3 Na5 16. Ba2 a6 17. Bd2 b5 18. Rfb1 Qc7 19. a4 bxa4 20. Rb4 Nb3 21. Bxb3
axb3 22. Rxb3 Rfd8 23. Qb1 Bxf3 24. gxf3 e5 25. Ne2 exd4 26. Ba5 Qc5 27. Bxd8
Rxd8 28. Nxd4 Qg5+ 29. Kh1 Nd7 30. Rxa6 Qh4 31. Ra2 Be5 32. f4 Bxd4 33. exd4
Qxf4 34. Rd3 Ne5 35. dxe5 Qe4+ 36. f3 Qxd3 37. Qxd3 Rxd3 38. Kg2 Re3 39. f4
1/2-1/2

[Event "XXVII Festival A"]
[Site "Arco ITA"]
[Date "2005.10.23"]
[Round "2"]
[White "Mazet, Julien"]
[Black "Bartonicek, Zdenek jr"]
[Result "1-0"]
[WhiteElo "2250"]
[BlackElo "1887"]
[PlyCount "161"]
[EventDate "2005.10.22"]

1. d4 d5 2. Nf3 Nf6 3. c4 c6 4. e3 e6 5. Nbd2 Bb4 6. a3 Ba5 7. Bd3 Nbd7 8. O-O
O-O 9. e4 dxe4 10. Nxe4 Nxe4 11. Bxe4 h6 12. Bc2 Bc7 13. Qd3 f5 14. Re1 Nf6 15.
Ne5 Qe8 16. Bd2 Kh7 17. Bb4 Rg8 18. Re3 b6 19. Rae1 Bxe5 20. Rxe5 Qh5 21. h3
Rd8 22. Qe3 Kh8 23. Be7 Rg8 24. Qf4 Bd7 25. R5e3 Qf7 26. Bd6 Rae8 27. Be5 Bc8
28. Qh4 Qg6 29. f4 Nd7 30. Rg3 Qh7 31. Rge3 Nxe5 32. dxe5 Rd8 33. Rd1 Rxd1+ 34.
Bxd1 g5 35. fxg5 hxg5 36. Qxh7+ Kxh7 37. Rd3 Re8 38. Rd6 c5 39. Kf2 Kg7 40. Ba4
Re7 41. Bc6 Kf7 42. g3 Kg6 43. Rd8 Rc7 44. Bb5 Kf7 45. Rh8 Kg7 46. Rh5 a6 47.
Be8 Re7 48. Rxg5+ Kh6 49. Rh5+ Kg7 50. Bc6 Bb7 51. Ba4 Rf7 52. Ke3 Rf8 53. Rh4
Rd8 54. Bc2 Bc6 55. Rf4 Bg2 56. h4 Bh3 57. b3 Bg4 58. Rf2 Kg6 59. Rd2 Rxd2 60.
Kxd2 Kh5 61. Ke3 Kg6 62. b4 Bh3 63. bxc5 bxc5 64. Bd3 Bg4 65. Be2 Kh5 66. Bf3
a5 67. Kf4 a4 68. Ke3 Kg6 69. Bc6 Bd1 70. Be8+ Kg7 71. Kf4 Be2 72. Bb5 Kh6 73.
Ke3 Bf1 74. Bxa4 Bxc4 75. Be8 Kg7 76. a4 Kh6 77. Bb5 Bd5 78. a5 Kh5 79. Be2+
Kg6 80. a6 Bc6 81. Bf3 1-0

[Event "XXVII Festival A"]
[Site "Arco ITA"]
[Date "2005.10.23"]
[Round "2"]
[White "Most, Zdenek"]
[Black "Acunzo, Domenico"]
[Result "1-0"]
[WhiteElo "2161"]
[BlackElo "1819"]
[PlyCount "75"]
[EventDate "2005.10.22"]

1. d4 e6 2. Nf3 f5 3. c4 d5 4. g3 Nf6 5. Bg2 c6 6. O-O Bd6 7. b3 Qe7 8. Bb2 O-O
9. Nc3 Nbd7 10. Qc2 Ng4 11. e3 Ndf6 12. h3 Nh6 13. Ne5 Ne4 14. Ne2 Bd7 15. a3
Rad8 16. Rfd1 Bc8 17. b4 Nf7 18. c5 Bb8 19. a4 Nf6 20. Rdc1 Nxe5 21. dxe5 Ne4
22. h4 g5 23. f3 Nxg3 24. Nxg3 gxh4 25. Nh5 Qg5 26. Nf4 Rf7 27. Kf2 Qg3+ 28.
Ke2 b6 29. Rg1 Rg7 30. Nh5 Qh2 31. Nxg7 Kxg7 32. b5 Kf7 33. cxb6 h3 34. Kd3
hxg2 35. Qxg2 Bxe5 36. Qxh2 Bxh2 37. bxa7 Bb7 38. Rh1 1-0

[Event "XXVII Festival A"]
[Site "Arco ITA"]
[Date "2005.10.23"]
[Round "2"]
[White "Ohman, Anders"]
[Black "Bogdanov, Valentin"]
[Result "0-1"]
[WhiteElo "2097"]
[BlackElo "2399"]
[PlyCount "116"]
[EventDate "2005.10.22"]

1. c4 Nf6 2. g3 g6 3. Bg2 Bg7 4. Nc3 c5 5. a3 Nc6 6. Rb1 a5 7. d3 O-O 8. Bd2 d6
9. Nh3 e5 10. O-O h6 11. f4 Be6 12. e3 d5 13. cxd5 Nxd5 14. Nxd5 Bxd5 15. Bc3
Bxg2 16. Kxg2 Qd7 17. Qe2 Rad8 18. Rbd1 b5 19. fxe5 b4 20. axb4 axb4 21. e6 Qb7
22. exf7+ Kh7 23. e4 bxc3 24. bxc3 Bxc3 25. Nf4 Qxf7 26. Qg4 Ne5 27. Qh3 Qb3
28. Ne6 Qc2+ 29. Kh1 Nxd3 30. Ng5+ Kg7 31. Ne6+ Kg8 32. Qxh6 Nf2+ 33. Kg1 Qxe4
34. Nxf8 Rxd1 35. Rxd1 Nxd1 36. Qxg6+ Qxg6 37. Nxg6 Bd4+ 38. Kf1 Kg7 39. Nf4
Kf6 40. Ke2 Nb2 41. Kd2 Kf5 42. Ne2 Nc4+ 43. Kc2 Ke4 44. h4 Ne3+ 45. Kd2 Be5
46. h5 Nf1+ 47. Kc2 Nxg3 48. Nc3+ Bxc3 49. Kxc3 Kd5 50. h6 Ne4+ 51. Kc2 Nf6 52.
Kd3 c4+ 53. Kc2 Kd4 54. Kd2 c3+ 55. Kc2 Kc4 56. Kc1 Kd3 57. Kd1 c2+ 58. Kc1 Nh7
0-1

[Event "XXVII Festival A"]
[Site "Arco ITA"]
[Date "2005.10.23"]
[Round "2"]
[White "Romagnoli, Roberto"]
[Black "Ivanov, Mikhail M."]
[Result "0-1"]
[WhiteElo "2139"]
[BlackElo "2457"]
[PlyCount "88"]
[EventDate "2005.10.22"]

1. c4 Nf6 2. Nc3 d6 3. g3 c6 4. Bg2 e5 5. e4 Be6 6. d3 Qd7 7. Nf3 Bh3 8. O-O
Bxg2 9. Kxg2 Be7 10. Rb1 a5 11. Bg5 h6 12. Bxf6 Bxf6 13. d4 O-O 14. dxe5 dxe5
15. Qxd7 Nxd7 16. Rfd1 Nc5 17. h4 a4 18. Rd2 Rfe8 19. Rbd1 Bd8 20. Re2 Ba5 21.
Nb1 f6 22. Nbd2 Red8 23. Rb1 Rd3 24. b4 axb3 25. Nxb3 Nxb3 26. Rxb3 Rd7 27.
Reb2 b6 28. Rc2 c5 29. Re3 Rd1 30. Ree2 Rad8 31. g4 Kf7 32. Kh2 h5 33. g5 Ke6
34. Kg2 R8d3 35. Re3 Rxe3 36. fxe3 f5 37. exf5+ Kxf5 38. Kf2 g6 39. Kg3 e4 40.
Nh2 Be1+ 41. Kh3 Bd2 42. Rb2 Bxe3 43. Rxb6 Bd4 44. a4 Be5 0-1

[Event "XXVII Festival A"]
[Site "Arco ITA"]
[Date "2005.10.23"]
[Round "2"]
[White "Scola, Matteo"]
[Black "Diotallevi, Maurizio"]
[Result "0-1"]
[WhiteElo "1787"]
[BlackElo "2113"]
[PlyCount "60"]
[EventDate "2005.10.22"]

1. d4 d5 2. c4 e6 3. Nc3 c6 4. Nf3 dxc4 5. a4 Bb4 6. e3 b5 7. Ne5 Nf6 8. Bd2 a5
9. axb5 Bxc3 10. Bxc3 cxb5 11. b3 Bb7 12. bxc4 b4 13. Bb2 O-O 14. c5 Qc7 15. h4
Nc6 16. Nc4 Ne7 17. h5 Bc6 18. Rh3 Ned5 19. Qc2 a4 20. h6 g6 21. Bd3 a3 22. Bc1
Rfb8 23. Qd2 Nd7 24. e4 Ne7 25. Qg5 Qd8 26. Bf4 f6 27. Qg4 Nf8 28. Bxb8 Qxd4
29. Rd1 Rxb8 30. Nb6 a2 0-1

[Event "XXVII Festival A"]
[Site "Arco ITA"]
[Date "2005.10.23"]
[Round "2"]
[White "Sprea, Giuseppe"]
[Black "Schacher, Gerd"]
[Result "1/2-1/2"]
[WhiteElo "2018"]
[BlackElo "2258"]
[PlyCount "84"]
[EventDate "2005.10.22"]

1. c4 Nf6 2. Nc3 c5 3. Nf3 a6 4. g3 g6 5. Bg2 Bg7 6. O-O O-O 7. d3 Nc6 8. Be3
d6 9. h3 e5 10. Qd2 Ne8 11. Nd5 Rb8 12. Rab1 Nc7 13. Nxc7 Qxc7 14. a3 a5 15.
Kh2 b5 16. b3 Bd7 17. Bh6 f5 18. Bxg7 Kxg7 19. e3 h6 20. Ng1 f4 21. gxf4 exf4
22. exf4 Nd4 23. Ne2 d5 24. Nxd4 Rxf4 25. Nxb5 Rxb5 26. Kg1 Rb8 27. Rfe1 Rbf8
28. Re7+ Kh8 29. Bxd5 Qd6 30. Qe3 Bxh3 31. Re1 Qf6 32. Re4 Qg5+ 33. Qg3 Rxf2
34. Qxg5 hxg5 35. R4e2 Rf1+ 36. Rxf1 Rxf1+ 37. Kh2 Bf5 38. Be4 Rb1 39. Bxf5
gxf5 40. Re5 Rxb3 41. Rxf5 Rxd3 42. Rxg5 Rxa3 1/2-1/2

[Event "XXVII Festival A"]
[Site "Arco ITA"]
[Date "2005.10.23"]
[Round "2"]
[White "Tocco, Paolo"]
[Black "Luther, Thomas"]
[Result "0-1"]
[WhiteElo "2151"]
[BlackElo "2569"]
[PlyCount "56"]
[EventDate "2005.10.22"]

1. d4 Nf6 2. Nc3 d5 3. e4 Nxe4 4. Nxe4 dxe4 5. Bc4 Nc6 6. c3 e5 7. d5 Nb8 8.
Qe2 Bf5 9. f3 Bd6 10. g3 exf3 11. Nxf3 O-O 12. O-O Nd7 13. Kg2 Bg4 14. h3 Bxf3+
15. Qxf3 f5 16. Be3 e4 17. Qe2 Ne5 18. Bb3 Qe8 19. Bf4 Nd3 20. Bc2 Nxf4+ 21.
gxf4 Qg6+ 22. Kh1 Qg3 23. Qh2 Qxh2+ 24. Kxh2 g5 25. c4 gxf4 26. Kg2 Kf7 27. b4
Rg8+ 28. Kh1 Rg3 0-1

[Event "XXVII Festival A"]
[Site "Arco ITA"]
[Date "2005.10.23"]
[Round "2"]
[White "Volpinari, Danilo"]
[Black "Stolfa, Rodolfo"]
[Result "1/2-1/2"]
[WhiteElo "2048"]
[BlackElo "1700"]
[PlyCount "109"]
[EventDate "2005.10.22"]

1. e4 e5 2. Nf3 Nc6 3. d4 exd4 4. Bc4 Qf6 5. O-O Bc5 6. c3 d6 7. Bb5 Bg4 8. Qa4
Bxf3 9. Bxc6+ Kf8 10. gxf3 bxc6 11. Qxc6 Rc8 12. Qd7 Ne7 13. Qg4 h5 14. Qg3 Qg6
15. Rd1 Qxg3+ 16. hxg3 Nc6 17. Kg2 Rb8 18. a3 a6 19. b4 dxc3 20. Nxc3 Bd4 21.
Bd2 Ne7 22. Rac1 c5 23. Na4 Rc8 24. bxc5 dxc5 25. Bf4 f6 26. Bd6 Kf7 27. Bxc5
Rhd8 28. Bxe7 Rxc1 29. Rxc1 Kxe7 30. Nc5 Rc8 31. Nb3 Rxc1 32. Nxc1 Bb2 33. Nb3
Bxa3 34. Kf1 Bb4 35. Ke2 Kd6 36. f4 a5 37. Kd3 Be1 38. Ke2 Bb4 39. Kd3 a4 40.
Nd4 g6 41. Nf3 Bc5 42. Nd2 Bxf2 43. e5+ Ke6 44. Ne4 Bxg3 45. Nc5+ Kf7 46. Nxa4
fxe5 47. fxe5 Bxe5 48. Ke4 Ke6 49. Nc5+ Kd6 50. Nd3 Bg3 51. Kf3 h4 52. Kg4 Kd5
53. Nb4+ Ke4 54. Nc6 g5 55. Nd8 1/2-1/2

[Event "XXVII Festival A"]
[Site "Arco ITA"]
[Date "2005.10.23"]
[Round "2"]
[White "Zagrebelny, Sergey"]
[Black "Wagman, Stuart"]
[Result "1-0"]
[WhiteElo "2513"]
[BlackElo "2124"]
[PlyCount "89"]
[EventDate "2005.10.22"]

1. e4 e5 2. Nf3 Nc6 3. Bb5 a6 4. Ba4 Nf6 5. d3 d6 6. c3 Be7 7. O-O O-O 8. Nbd2
b5 9. Bc2 Re8 10. Re1 Bf8 11. a4 Rb8 12. axb5 axb5 13. Nf1 h6 14. Ng3 g6 15. h3
Bg7 16. Bd2 b4 17. c4 Nd7 18. Ba4 Bb7 19. Bb5 Nc5 20. Be3 Ne6 21. Qd2 Kh7 22.
Ba7 Rc8 23. Bxc6 Bxc6 24. Qxb4 Nf4 25. Qd2 h5 26. Be3 Qf6 27. h4 Bd7 28. Ng5+
Kg8 29. d4 Ne6 30. d5 Nd4 31. Ra3 Qe7 32. Bxd4 exd4 33. b4 Bg4 34. b5 f6 35.
Nf3 Bxf3 36. Rxf3 f5 37. Kf1 Qxh4 38. exf5 Re5 39. fxg6 Rce8 40. Rxe5 Rxe5 41.
Rf5 Qg4 42. Rxe5 Bxe5 43. Qe2 Qf4 44. Qd3 Qc1+ 45. Ke2 1-0

[Event "XXVII Festival A"]
[Site "Arco ITA"]
[Date "2005.10.24"]
[Round "3"]
[White "Acunzo, Domenico"]
[Black "Greevenbosch, Cornelis"]
[Result "0-1"]
[WhiteElo "1819"]
[BlackElo "2078"]
[PlyCount "40"]
[EventDate "2005.10.22"]

1. e4 e5 2. f4 d5 3. exd5 e4 4. d3 Nf6 5. dxe4 Nxe4 6. Qe2 Qxd5 7. Nc3 Bb4 8.
Bd2 Bxc3 9. Bxc3 O-O 10. Rd1 Qc6 11. Nf3 Nxc3 12. bxc3 Qxc3+ 13. Kf2 Nd7 14. g4
Nf6 15. h3 Be6 16. g5 Nd5 17. Qe4 Qc5+ 18. Kg3 Ne3 19. Rd2 Bd5 20. Qd4 Nf5+ 0-1

[Event "XXVII Festival A"]
[Site "Arco ITA"]
[Date "2005.10.24"]
[Round "3"]
[White "Agostini, Guillermo"]
[Black "Loi, Andrea"]
[Result "1/2-1/2"]
[WhiteElo "2050"]
[BlackElo "1829"]
[PlyCount "22"]
[EventDate "2005.10.22"]

1. d4 d5 2. Nf3 Nf6 3. Bg5 Ne4 4. Bf4 Bf5 5. e3 e6 6. h4 c5 7. Bxb8 Rxb8 8.
Bb5+ Ke7 9. Be2 f6 10. dxc5 Qa5+ 11. c3 Qxc5 1/2-1/2

[Event "XXVII Festival A"]
[Site "Arco ITA"]
[Date "2005.10.24"]
[Round "3"]
[White "Allegranti, Luca"]
[Black "Buck, Klaus-Michael"]
[Result "1-0"]
[WhiteElo "2024"]
[BlackElo "1576"]
[PlyCount "71"]
[EventDate "2005.10.22"]

1. d4 e6 2. Nf3 d5 3. e3 Nf6 4. Bd3 c5 5. c3 cxd4 6. exd4 Nc6 7. Nbd2 Qc7 8.
O-O Bd6 9. Re1 h6 10. Qe2 O-O 11. Ne5 Nd7 12. Ndf3 Ne7 13. Bf4 Nf6 14. Bg3 Bd7
15. Rac1 Bc6 16. Bb1 Rac8 17. Bh4 Ne4 18. Nxc6 Nxc6 19. Bxe4 dxe4 20. Qxe4 Qa5
21. a3 Rfe8 22. Bg3 Bxg3 23. hxg3 Qc7 24. g4 f5 25. gxf5 exf5 26. Qxf5 Rf8 27.
Qd5+ Kh8 28. Ne5 Nxe5 29. Rxe5 Qb6 30. Qb5 Qf6 31. Qe2 Rfd8 32. Re1 Rf8 33. Re7
Rb8 34. f3 a6 35. Qe5 Rf7 36. Qxb8+ 1-0

[Event "XXVII Festival A"]
[Site "Arco ITA"]
[Date "2005.10.24"]
[Round "3"]
[White "Astengo, Corrado"]
[Black "Danielsen, Magnus"]
[Result "1/2-1/2"]
[WhiteElo "2105"]
[BlackElo "1961"]
[PlyCount "30"]
[EventDate "2005.10.22"]

1. e4 d5 2. exd5 Qxd5 3. Nc3 Qa5 4. d4 Nf6 5. Bc4 c6 6. Nf3 Bf5 7. Qe2 e6 8.
Bd2 Bb4 9. a3 Nbd7 10. O-O Bxc3 11. Bxc3 Qc7 12. Rfe1 O-O 13. Bd3 Bg6 14. Bxg6
hxg6 15. Rad1 Rfd8 1/2-1/2

[Event "XXVII Festival A"]
[Site "Arco ITA"]
[Date "2005.10.24"]
[Round "3"]
[White "Bartonicek, Zdenek jr"]
[Black "Ohman, Anders"]
[Result "1/2-1/2"]
[WhiteElo "1887"]
[BlackElo "2097"]
[PlyCount "109"]
[EventDate "2005.10.22"]

1. Nf3 Nf6 2. g3 d5 3. c4 c6 4. b3 Bg4 5. Bg2 e6 6. Bb2 Nbd7 7. Na3 Bd6 8. Nc2
O-O 9. d3 Qe7 10. Ne3 Bh5 11. O-O Bg6 12. Nh4 Ba3 13. Qc1 Bxb2 14. Qxb2 e5 15.
cxd5 cxd5 16. Nxg6 hxg6 17. Nxd5 Nxd5 18. Bxd5 Nb6 19. Bg2 f5 20. Rfd1 Rad8 21.
Rac1 Rd7 22. a4 a6 23. Rd2 Rc8 24. a5 Rxc1+ 25. Qxc1 Nd5 26. Qc4 Qe6 27. Rc2
Kf7 28. Bxd5 Qxd5 29. Qxd5+ Rxd5 30. b4 Rb5 31. Rc4 Ke6 32. Kf1 Kd7 33. Ke1 b6
34. axb6 Rxb6 35. Kd2 Rb5 36. Kc3 a5 37. Kb3 Rb6 38. f4 exf4 39. gxf4 Ke7 40.
Kc3 axb4+ 41. Rxb4 Ra6 42. Rb2 Ra4 43. e3 Ra1 44. Rc2 Ra8 45. e4 fxe4 46. dxe4
Rf8 47. Rf2 Rd8 48. e5 Ke6 49. Rd2 Rf8 50. Rd6+ Ke7 51. Rxg6 Rxf4 52. Kd3 Kf7
53. Rg2 Ke6 54. Re2 g5 55. Re3 1/2-1/2

[Event "XXVII Festival A"]
[Site "Arco ITA"]
[Date "2005.10.24"]
[Round "3"]
[White "Bossoni, Mario"]
[Black "Bartonicek, Zdenek sr"]
[Result "0-1"]
[WhiteElo "1978"]
[BlackElo "2097"]
[PlyCount "90"]
[EventDate "2005.10.22"]

1. e4 c5 2. d4 cxd4 3. c3 d3 4. Bxd3 Nc6 5. c4 d6 6. Nc3 g6 7. Be3 Bg7 8. h3
Nf6 9. Nf3 O-O 10. Qd2 Nd7 11. O-O Nde5 12. Nxe5 Nxe5 13. Be2 Be6 14. b3 Nd7
15. Rac1 a5 16. f4 Nc5 17. Bd4 Bxd4+ 18. Qxd4 Bd7 19. f5 Rc8 20. f6 Bc6 21. Bg4
Ne6 22. Qe3 exf6 23. Rcd1 Rc7 24. Rd2 Qe7 25. Rfd1 Ng5 26. Rxd6 f5 27. h4 Nxe4
28. Nxe4 Bxe4 29. Bf3 Qxh4 30. Bxe4 Re7 31. R6d4 Rxe4 32. Rxe4 Qxe4 33. Qxe4
fxe4 34. Rd7 Rb8 35. Kf2 f6 36. Ke3 Re8 37. Rd6 f5 38. Rb6 f4+ 39. Ke2 g5 40.
c5 g4 41. Rf6 f3+ 42. Kf2 g3+ 43. Kxg3 e3 44. Rf4 fxg2 45. Kxg2 e2 0-1

[Event "XXVII Festival A"]
[Site "Arco ITA"]
[Date "2005.10.24"]
[Round "3"]
[White "Cioffi, Luigi"]
[Black "Muha, Zdravko"]
[Result "1-0"]
[WhiteElo "1762"]
[BlackElo "2112"]
[PlyCount "87"]
[EventDate "2005.10.22"]

1. c4 d5 2. e3 e5 3. d4 Nc6 4. c5 Nf6 5. h3 g6 6. Nf3 Bg7 7. Nc3 e4 8. Nd2 O-O
9. a3 a5 10. Be2 Nh5 11. Bxh5 gxh5 12. Qxh5 f5 13. f4 Nxd4 14. exd4 Bxd4 15.
Nf3 Bf6 16. O-O a4 17. Nd2 Bd4+ 18. Kh1 Bxc5 19. Ne2 b5 20. Rd1 d4 21. Nxe4
fxe4 22. Qxc5 Bxh3 23. Rxd4 Qh4 24. Qg5+ Qxg5 25. fxg5 Rf2 26. Nf4 Bf5 27. Be3
Rxb2 28. Nd5 c5 29. Rd2 Rxd2 30. Bxd2 Kf7 31. Nc3 b4 32. Nb5 bxa3 33. Nd6+ Ke6
34. Nxf5 Kxf5 35. Rxa3 Ke5 36. Kg1 Kd4 37. Kf2 Ra6 38. Ke2 Ra8 39. Bc3+ Kc4 40.
Ke3 Rg8 41. Bf6 h6 42. Rxa4+ Kb5 43. gxh6 Kxa4 44. h7 1-0

[Event "XXVII Festival A"]
[Site "Arco ITA"]
[Date "2005.10.24"]
[Round "3"]
[White "Crea, Vincenzo"]
[Black "Bergvoll, Mats"]
[Result "1/2-1/2"]
[WhiteElo "2082"]
[BlackElo "1944"]
[PlyCount "35"]
[EventDate "2005.10.22"]

1. d4 Nf6 2. Nf3 e6 3. Bf4 c5 4. e3 Qb6 5. Qc1 Nc6 6. c3 Be7 7. Nbd2 d5 8. Bd3
Bd7 9. Rb1 Rc8 10. Qd1 O-O 11. Ne5 cxd4 12. exd4 Nxe5 13. Bxe5 Bb5 14. Qe2 Bxd3
15. Qxd3 Nd7 16. Bg3 Bd6 17. Bxd6 Qxd6 18. O-O 1/2-1/2

[Event "XXVII Festival A"]
[Site "Arco ITA"]
[Date "2005.10.24"]
[Round "3"]
[White "De Andres Gonalons, Fernando"]
[Black "Dusi, Valerio"]
[Result "1-0"]
[WhiteElo "2071"]
[BlackElo "1882"]
[PlyCount "51"]
[EventDate "2005.10.22"]

1. d4 Nf6 2. c4 e6 3. Nf3 d5 4. Nc3 Be7 5. Bf4 O-O 6. e3 c6 7. h3 Nbd7 8. a3 b6
9. cxd5 Nxd5 10. Nxd5 exd5 11. Bd3 Bb7 12. O-O c5 13. Rc1 c4 14. Bb1 Rc8 15.
Re1 Nf6 16. Ne5 b5 17. g4 a5 18. Qc2 b4 19. axb4 axb4 20. g5 Ne4 21. f3 b3 22.
Qg2 Nxg5 23. Bf5 Ne6 24. Qg4 Bf6 25. Bxe6 Bxe5 26. Bxe5 1-0